01269naa#a2200241#i#4500001001600000005001700016011001400033100004100047101000800088102000700096200033400103210008300437215001000520608004500530675008800575686005800663700005000721700005400771700005800825700005600883700006800939856002001007RU\\bibl\12392120260630021944.2##a2077-7566##a20260629b2026####ek#y0rusy0150####ca0#aRUS##aRU1#aАНАЛИЗ КЛИНИЧЕСКОЙ ЭФФЕКТИВНОСТИ ПРИМЕНЕНИЯ ИНДИВИДУАЛЬНОГО НАВИГАЦИОННОГО ШАБЛОНА ПРИ ВЫПОЛНЕНИИ МЕСТНОГО ПРОВОДНИКОВОГО ОБЕЗБОЛИВАНИЯ НА ВЕРХНЕЙ ЧЕЛЮСТИeЖурнальная статья1#aЕкатеринбургcИздательский Дом «ТИРАЖ»d2026##a7 с.##aЖурнальная статья2local##aМедицина. Охрана здоровья. Пожарное дело. 61zRUS##aКлиническая медицина. 76.292grnti#1aШалитаgДанила Сергеевич#1aЛапинаgНаталья Викторовна#1aОвчаренкоgЕвгения Сергеевна#1aГербоваgТатьяна Витальевна#1aБондаренкоgНиколай Александрович4#adental-press.ru